| 000 | 00451nam a22001337a 4500 | ||
|---|---|---|---|
| 082 |
_a388.1 _bSTE |
||
| 100 |
_aSteiner, Henery M _938546 |
||
| 245 |
_aCriteria for planning rural roads in a developing country _bThe case of Mexico |
||
| 260 |
_aWashingon DC _bProject on Engineering Economic Planning Stanford University _c1965 |
||
| 300 |
_a224 p.: _bill, _c29 cm |
||
| 526 |
_a0 _b0 _c0 _d388_100000000000000_STE |
||
| 650 |
_aMCE _9379 |
||
| 942 |
_2ddc _cBK |
||
| 999 |
_c543160 _d543160 |
||